000
00372nam a2200133Ia 4500
008
151001s9999||||xx |||||||||||||| ||und||
100
_a
केशवराव भोळे
245
_a
जे आठवते ते
250
_a
1
260
_b
प्रेस्टीज पब्लिकेशन पुणे
260
_c
1974
300
_a
239
365
_b
24
999
_c
960057
_d
960054